01101nas a2200289 4500001001000000003000900010005001700019007000300036008003400039040005400073041000900127072001300136100002000149100001700169100001300186100002400199245020200223650001200425650001200437650000900449650002600458773010000484909004000584942001800624999001900642952015000661BR8701720BR-BrBNA20231205090618.0ta230509b bl.|||p| |||| 00| 00por d aBR-BrBNAbporcBiblioteca Nacional de Agricultura a(Pt) aM11; M121 aRodrigues, J.D.1 aCampos, E.C.1 aMota, A.1 aRodrigues, N. de S.1 aPesca seletiva do saguiru, Curimatus gilberti Quay Gaimard 1824 (Asteichthyes, Curimatidae), com a utilizacao de redes de emalhar, na represa de Ponte Nova, Rio Tiete, Estado de Sao Paulo, Brasil aSAGUIRU aCAPTURA aREDE aEQUIPAMENTO PESQUEIRO0 tBoletim do Instituto de Pesca (Brazil)xISSN 0046-9939g(Dec 1983), v. 10 p. 107-117wBR8701720 a202311bLúciac55dLúcia Elande 2AGRISn0cANA c119748d119748 002AGRIS4071a41918b41918cPeriódicos Agrícolash(Dec 1983), v. 10 p. 107-117l0r2023-11-29t01yCRePortaria Interministerial nº 164/94